000
00244nam a2200097Ia 4500
008
190216s9999||||xx |||||||||||||| ||und||
100
_a
Murkoth Kumaran
245
0
_a
Kanakam Moolam
260
_b
"Competition Review Pvt Ltd,Newdelhi"
942
_c
BK
999
_c
23667
_d
23667